书目信息 |
| 题名: |
健力宝内幕
|
|
| 作者: | 张子鹏 编著 | |
| 分册: | ||
| 出版信息: | 北京 中国海关出版社 2006.07 |
|
| 页数: | 229页 | |
| 开本: | 24cm | |
| 丛书名: | ||
| 单 册: | ||
| 中图分类: | F426.82 | |
| 科图分类: | ||
| 主题词: | 报告文学--中国--现代 , 饮料--食品工业--工业企业--经验--广东省 , 工业经济--中国 , 饮料 , 食品工业 , 工业企业管理 | |
| 电子资源: | ||
| ISBN: | 7-80165-349-1 | |
| 000 | 00923nam0 2200277 450 | |
| 001 | 003193878 | |
| 005 | 20060913094254.0 | |
| 010 | @a7-80165-349-1@dCNY29.80 | |
| 100 | @a20100913d2006 em y0chiy0110 ea | |
| 101 | 0 | @achi |
| 102 | @aCN@b110000 | |
| 105 | @ay z 000yd | |
| 200 | 1 | @a健力宝内幕@Ajian li bao nei mu@e挑战私人资本与实业运作的极限@f张子鹏编著 |
| 210 | @a北京@c中国海关出版社@d2006.07 | |
| 215 | @a229页@d24cm | |
| 330 | @a本书从2002年的健力宝改制风波谈起,以“资本玩家”张海入局健力宝发端;以张海被捕为中局;以统一集团并购健力宝而暂告一段落,详细揭露了这一场健力宝迷局的真相。 | |
| 606 | 0 | @a报告文学@y中国@z现代 |
| 606 | 0 | @a饮料@x食品工业@x工业企业@x经验@y广东省 |
| 606 | 0 | @a工业经济@x中国 |
| 606 | 0 | @a饮料 |
| 606 | 0 | @a食品工业 |
| 606 | 0 | @a工业企业管理 |
| 690 | @aF426.82@v5 | |
| 701 | 0 | @a张子鹏@Azhang zi peng@f(1979~)@4编著 |
| 905 | @aBZT@dF426.82@e16 | |
| 906 | @dCNY29.80@n0@r1 | |
| 健力宝内幕:挑战私人资本与实业运作的极限/张子鹏编著.-北京:中国海关出版社,2006.07 |
| 229页;24cm |
| ISBN 7-80165-349-1:CNY29.80 |
| 本书从2002年的健力宝改制风波谈起,以“资本玩家”张海入局健力宝发端;以张海被捕为中局;以统一集团并购健力宝而暂告一段落,详细揭露了这一场健力宝迷局的真相。 |
| ● |
| 相关链接 |
|
|
|
正题名:健力宝内幕
索取号:F426.82/16
 
预约/预借
| 序号 | 登录号 | 条形码 | 馆藏地/架位号 | 状态 | 备注 |
| 1 | 766428 | 2000766428 | 中心书库北库/ 北库018架A面2列4层50/ [索取号:F426.82/16] | 在馆 | |
| 2 | 766429 | 2000766429 | 中心书库北库/ 北库018架A面2列4层53/ [索取号:F426.82/16] | 在馆 | |
| 3 | 766430 | 2000766430 | 中心书库北库/ 北库018架A面2列4层52/ [索取号:F426.82/16] | 在馆 | |
| 4 | 766431 | 2000766431 | 中心书库北库/ 北库018架A面2列4层51/ [索取号:F426.82/16] | 在馆 | |
| 5 | 766432 | 2000766432 | 中心书库北库/ 北库018架A面2列4层49/ [索取号:F426.82/16] | 在馆 | |
| 6 | 766433 | 2000766433 | 中心书库北库/ 北库018架A面2列4层48/ [索取号:F426.82/16] | 在馆 | |
| 7 | 766434 | 2000766434 | 中心书库北库/ 北库018架A面2列4层47/ [索取号:F426.82/16] | 在馆 | |
| 8 | 766435 | 2000766435 | 中心书库北库/ 北库018架A面2列4层46/ [索取号:F426.82/16] | 在馆 | |
| 9 | 766436 | 2000766436 | 中心书库北库/ 北库018架A面2列4层45/ [索取号:F426.82/16] | 在馆 | |
| 10 | 766437 | 2000766437 | 中心书库北库/ 北库018架A面2列4层44/ [索取号:F426.82/16] | 在馆 |